01097 2200217 4500001002100000005001500021008004100036020001800077035001900095041000800114082001100122084001700133100002000150245004400170250001200214260004000226300003300266500001900299520052300318650003800841INLIS00000000000138220200508201438200508||||||||| | ||| |||| ||eng|| a1-84014.771.7 0010-0520001382 aeng0 a342.73 a342.73/ALE/F0 aLarry Alexander00afreedom of speech : Volume II ; (07558) acet . 1 aaldershotbAshgate Publishingc2000 axiv ; 622 hlm ; 25 cmc25 cm aIndeks : index aThis is the second of a two-volume anthology on freedom of speech gathering together the most important theoretical essays on the topic written during the past 30 years. Whereas volume I focus on justificatory and conceptual theories of freedom of speech, this volume turns to doctrinal theories. The principal focus is on meta-doctrinal issues, such as the distinctions between content and content-neutral regulations and within the former category, the distinction between subject matter and viewpoint discrimination 0afreedom of speech - united states